Music Quiz

Random Music or Song Quiz

50 Hits to Click: 1991 Quiz Stats

 Plays Quiz Updated Mar 30, 2016

Challenge
Share
Tweet
Embed
Score 0/50 Timer 07:00
1 Play Today
% Correct
White
90.5%
Talk
90.3%
Now
89.5%
Funky
89%
Wait
82.7%
Something
82.4%
Walking
80.9%
Sex
80.4%
Myself
80.4%
Hmmmm
80.1%
Stop
80.1%
Mama
79.9%
Enter
79.7%
Found
78.5%
Shiny
78.4%
Hold
77.8%
Fool
76.7%
Vibrations
76.3%
Will
74.5%
Words
71.2%
Cry
70.6%
Suave
69.9%
Wind
69.7%
Wicked
68.3%
Beat
67.7%
% Correct
Wonderful
67.1%
Kisses
65.5%
Leg
65.3%
Gypsy
61.8%
Rain
59.5%
Yesterday
58.4%
World
55.8%
Flower
53%
Love
52%
Time
50.7%
Walls
48.4%
High
47.8%
Help
47.4%
Silent
46.6%
Rescue
46.5%
Rhythm
45.8%
Heartbeat
45.7%
Strike
45.2%
Hole
39.6%
Memory
39.4%
Red
38.7%
Man
35.5%
Here
34.6%
Try
29.6%
Eternal
29.4%

You're not logged in!

Compare scores with friends on all Sporcle quizzes.
OR
Log In

You Might Also Like...

Show Comments

Extras

Top Quizzes Today


Score Distribution

Your Account Isn't Verified!

In order to create a playlist on Sporcle, you need to verify the email address you used during registration. Go to your Sporcle Settings to finish the process.

Report this User

Report this user for behavior that violates our Community Guidelines.

Details: